000 00519nam a22001697a 4500
005 20170828151505.0
020 _a8173913021
_c595.00
035 _aB-059002
037 _aDPL
_bENG
100 _aUdara, Bhavana
245 _aUnited Nations framework and rule of law /
_cby Bhavana Udara and Sujatha Ramcharit
250 _a2nd ed.
260 _aNew Delhi
_bKanishka Publishers, Distributors
_c2001
300 _a280p.
_c20 cms.
700 _aRamcharit, Sujatha
_948019
942 _2ddc
_cEN
_h341
_mUDA
999 _c67222
_d67222